[Event "BUL-ch"]
[Site "Sofia"]
[Date "2023.01.27"]
[Round "8"]
[White "Tashev, Aleksandar Asenov"]
[Black "Janev, Pavel"]
[Result "1/2-1/2"]
[WhiteElo "2134"]
[BlackElo "2156"]
[PlyCount "91"]
[EventDate "2023.01.21"]
[EventType "swiss"]
[EventRounds "9"]
[EventCountry "BUL"]
[SourceTitle "CBM 212 Extra"]
[Source "ChessBase"]
[SourceDate "2023.03.31"]
[SourceVersion "1"]
[SourceVersionDate "2023.03.31"]
[SourceQuality "1"]

1. d4 Nf6 2. Nf3 b6 3. g3 Bb7 4. Bg2 e6 5. c4 Be7 6. 0-0 0-0 7. Nc3 Ne4 8. Qc2 Nxc3 9. Qxc3 Bf6 10. Qd3 d5 11. cxd5 exd5 12. Bf4 c5 13. Rac1 c4 14. Qd2 Nc6 15. Ne5 b5 16. b3 Bxe5 17. dxe5 Qb6 18. Bxd5 Rad8 19. bxc4 bxc4 20. e4 Nd4 21. Qe3 Bxd5 22. exd5 Rxd5 23. Rxc4 h6 24. Qe4 Rfd8 25. Be3 Qb2 26. Bxd4 Rxd4 27. Rxd4 Qxd4 28. Qxd4 Rxd4 29. Rc1 Ra4 30. Rc2 g5 31. f3 Kg7 32. Kg2 Kg6 33. g4 Ra3 34. Kf2 a5 35. h3 Kg7 36. Kg3 Kf8 37. Rc6 Rxa2 38. Rxh6 Re2 39. Ra6 Rxe5 40. h4 gxh4+ 41. Kxh4 Kg7 42. f4 Rc5 43. f5 Rb5 44. Kg5 Rc5 45. Kh5 Rd5 46. Kg5 1/2-1/2

[Event "BUL-ch"]
[Site "Sofia"]
[Date "2023.01.21"]
[Round "1"]
[White "Janev, Pavel"]
[Black "Dimitrov, Radoslav"]
[Result "1/2-1/2"]
[WhiteElo "2156"]
[BlackElo "2501"]
[PlyCount "108"]
[EventDate "2023.01.21"]
[EventType "swiss"]
[EventRounds "9"]
[EventCountry "BUL"]
[SourceTitle "CBM 212 Extra"]
[Source "ChessBase"]
[SourceDate "2023.03.31"]
[SourceVersion "1"]
[SourceVersionDate "2023.03.31"]
[SourceQuality "1"]

1. e4 Nf6 2. e5 Nd5 3. d4 d6 4. Nf3 dxe5 5. Nxe5 c6 6. Bd3 Nd7 7. 0-0 Nxe5 8. dxe5 g6 9. Nd2 Bg7 10. Re1 Qc7 11. Nf3 Bg4 12. h3 Bxf3 13. Qxf3 Bxe5 14. Bh6 Bxb2 15. Rab1 Bc3 16. Re4 f5 17. Ra4 e6 18. Bc4 Bg7 19. Bxd5 cxd5 20. Bxg7 Qxg7 21. c4 0-0 22. cxd5 Qd7 23. Qb3 Qxd5 24. Qxd5 exd5 25. Rxb7 Rf7 26. Rxf7 Kxf7 27. Ra6 Rb8 28. Rxa7+ Ke6 29. Kf1 Rb2 30. g4 fxg4 31. hxg4 d4 32. Rxh7 d3 33. Ke1 Re2+ 34. Kd1 Rxf2 35. Rh3 Rxa2 36. Rxd3 Rf2 37. Ke1 Rf4 38. Ke2 Kf6 39. Rd5 Rxg4 40. Kf3 Rg1 41. Ra5 Rg5 42. Rxg5 Kxg5 43. Kg3 Kh5 44. Kh3 g5 45. Kg3 g4 46. Kg2 Kh4 47. Kh2 Kg5 48. Kg3 Kf5 49. Kg2 Kf4 50. Kf2 g3+ 51. Kg2 Kg4 52. Kg1 Kf3 53. Kf1 g2+ 54. Kg1 Kg3 1/2-1/2

[Event "Thessaloniki White Tower op-A 2nd"]
[Site "Thessaloniki"]
[Date "2023.01.08"]
[Round "9"]
[White "Janev, Pavel"]
[Black "Stoinev, Metodi"]
[Result "0-1"]
[WhiteElo "2156"]
[BlackElo "2174"]
[PlyCount "38"]
[EventDate "2023.01.02"]
[EventType "swiss"]
[EventRounds "9"]
[EventCountry "GRE"]
[SourceTitle "CBM 212 Extra"]
[Source "ChessBase"]
[SourceDate "2023.03.31"]
[SourceVersion "1"]
[SourceVersionDate "2023.03.31"]
[SourceQuality "1"]

1. e4 e5 2. Nf3 Nc6 3. Bb5 a6 4. Bxc6 dxc6 5. 0-0 Bd6 6. d4 exd4 7. Qxd4 f6 8. Nbd2 Be6 9. Rd1 Ne7 10. Nc4 Bxc4 11. Qxc4 Bxh2+ 12. Kxh2 Qxd1 13. Bh6 Qxa1 14. Bxg7 Rg8 15. Bxf6 Qd1 16. Ne5 Qh5+ 17. Kg1 0-0-0 18. f3 Rd1+ 19. Kf2 Rd2+ 0-1

[Event "Thessaloniki White Tower op-A 2nd"]
[Site "Thessaloniki"]
[Date "2023.01.03"]
[Round "2"]
[White "Kuru, Atilla"]
[Black "Janev, Pavel"]
[Result "1/2-1/2"]
[WhiteElo "2054"]
[BlackElo "2156"]
[PlyCount "189"]
[EventDate "2023.01.02"]
[EventType "swiss"]
[EventRounds "9"]
[EventCountry "GRE"]
[SourceTitle "CBM 212 Extra"]
[Source "ChessBase"]
[SourceDate "2023.03.31"]
[SourceVersion "1"]
[SourceVersionDate "2023.03.31"]
[SourceQuality "1"]

1. e4 c5 2. Nf3 Nf6 3. Nc3 d5 4. exd5 Nxd5 5. Bb5+ Bd7 6. Bxd7+ Qxd7 7. d4 e6 8. Nxd5 Qxd5 9. Be3 cxd4 10. Qxd4 Qxd4 11. Nxd4 Bc5 12. 0-0-0 Nd7 13. Rhe1 Nf6 14. Kb1 0-0-0 15. Rd3 Bb6 16. Nb5 Rxd3 17. cxd3 Rd8 18. Rc1+ Kb8 19. Bf4+ Ka8 20. Nc7+ Bxc7 21. Rxc7 Rf8 22. Bd6 Nd5 23. Bxf8 Nxc7 24. Bxg7 b5 25. Kc2 Nd5 26. Be5 f5 27. a3 Kb7 28. Kd2 Kc6 29. Ke2 Kd7 30. Kf3 Ke7 31. h4 h5 32. Kg3 Kf7 33. f3 Kg6 34. Kf2 Kh6 35. Bd4 a6 36. Be3+ Kg6 37. Bg5 Kf7 38. Kg3 Kg6 39. Kh3 f4 40. g4 fxg3 41. Kxg3 Kf5 42. Kf2 Ke5 43. Ke2 a5 44. b3 Kd4 45. Kd2 e5 46. Bd8 a4 47. bxa4 bxa4 48. Ba5 Nf4 49. Bb6+ Kd5 50. Bf2 Ke6 51. d4 exd4 52. Bxd4 Kd5 53. Be3 Ng6 54. Bg5 Ne5 55. Ke2 Nc4 56. Be7 Ke6 57. Kd3 Nb2+ 58. Kc3 Nd1+ 59. Kc2 Ne3+ 60. Kd3 Nf5 61. Bg5 Kd5 62. Kc3 Nd4 63. f4 Kc5 64. Be7+ Kd5 65. Bf6 Ne2+ 66. Kb4 Nxf4 67. Kxa4 Kc6 68. Kb3 Ng2 69. Kc4 Nxh4 70. Bxh4 Kb7 71. Kb5 Ka8 72. Kc6 Kb8 73. Bg3+ Ka8 74. Kd5 h4 75. Bxh4 Kb7 76. Bg3 Ka8 77. Ke6 Kb7 78. Kd7 Ka8 79. Kc8 Ka7 80. Bb8+ Ka8 81. Bd6 Ka7 82. a4 Ka8 83. a5 Ka7 84. Bc5+ Ka8 85. Kd7 Kb7 86. Bb6 Ka8 87. a6 Kb8 88. Kc6 Ka8 89. Kb5 Kb8 90. Bd8 Ka8 91. Kb6 Kb8 92. Bc7+ Ka8 93. Bb8 Kxb8 94. a7+ Ka8 95. Ka6 1/2-1/2

[Event "Thessaloniki White Tower op-A 2nd"]
[Site "Thessaloniki"]
[Date "2023.01.02"]
[Round "1"]
[White "Janev, Pavel"]
[Black "Galanis, Nikolaos Panagiotis"]
[Result "0-1"]
[WhiteElo "2156"]
[BlackElo "1774"]
[PlyCount "94"]
[EventDate "2023.01.02"]
[EventType "swiss"]
[EventRounds "9"]
[EventCountry "GRE"]
[SourceTitle "CBM 212 Extra"]
[Source "ChessBase"]
[SourceDate "2023.03.31"]
[SourceVersion "1"]
[SourceVersionDate "2023.03.31"]
[SourceQuality "1"]

1. Nf3 Nf6 2. d4 g6 3. Bf4 Bg7 4. e3 0-0 5. Be2 d6 6. 0-0 Nc6 7. Nc3 Bf5 8. Bg5 Ne4 9. Nxe4 Bxe4 10. c4 h6 11. Bh4 g5 12. Bg3 e5 13. dxe5 dxe5 14. Qb3 a5 15. Rfd1 Qe7 16. c5 a4 17. Qa3 Bg6 18. Bc4 Kh8 19. h4 g4 20. h5 gxf3 21. hxg6 fxg6 22. Qd3 e4 23. Qd7 Qxc5 24. Qd5 Qxd5 25. Bxd5 a3 26. Bxe4 axb2 27. Rab1 Nb4 28. Rd2 Ra7 29. a3 Rxa3 30. Bxc7 Ra2 31. Rd8 Rxd8 32. Bxd8 Ra1 33. Bxg6 Nd5 34. gxf3 Nc3 35. Rf1 b5 36. Be7 b1Q 37. Bxb1 Rxb1 38. f4 Rxf1+ 39. Kxf1 Nd5 40. Bd6 Kg8 41. e4 Nb6 42. Ke2 Kf7 43. f5 Nc4 44. Bc5 Be5 45. Kf3 Bd6 46. Bd4 b4 47. Kg4 Be5 0-1

[Event "BUL-chT Rapid"]
[Site "Kiten"]
[Date "2021.06.20"]
[Round "4.1"]
[White "Spasov, Vasil"]
[Black "Janev, Pavel"]
[Result "1-0"]
[WhiteElo "2497"]
[BlackElo "2234"]
[PlyCount "77"]
[EventDate "2021.06.20"]
[EventType "team-tourn (rapid)"]
[EventRounds "7"]
[EventCountry "BUL"]
[SourceTitle "CBM 203 Extra"]
[Source "ChessBase"]
[SourceDate "2021.09.30"]
[SourceVersion "1"]
[SourceVersionDate "2021.09.30"]
[SourceQuality "1"]
[WhiteTeam "Pazardzhik"]
[BlackTeam "Varna Caissa"]
[WhiteTeamCountry "BUL"]
[BlackTeamCountry "BUL"]

1. e4 c5 2. Ne2 Nc6 3. Nbc3 e5 4. Nd5 g6 5. Nec3 Bg7 6. Bc4 Nge7 7. d3 Nxd5 8. Nxd5 Na5 9. Be3 Nxc4 10. dxc4 d6 11. Qd2 Be6 12. 0-0 0-0 13. Rad1 a6 14. a4 b6 15. b3 Ra7 16. Nc3 Rd7 17. Bh6 Qb8 18. Bxg7 Kxg7 19. Rfe1 Re8 20. Re3 f6 21. Rd3 Red8 22. h3 Qc7 23. Nd5 Bxd5 24. Rxd5 Qc6 25. Qd3 Kf7 26. Kh2 Kg7 27. Rd2 Kf7 28. Qe3 Kg7 29. Qe2 Re7 30. h4 Re6 31. Qg4 Qe8 32. R2d3 Qf7 33. Rf3 h5 34. Qg3 Rf8 35. Rfd3 Rd8 36. Qe3 f5 37. exf5 Qxf5 38. a5 bxa5 39. Rxc5 1-0

[Event "Teteven op 31st"]
[Site "Teteven"]
[Date "2016.08.16"]
[Round "4"]
[White "Janev, Pavel"]
[Black "Arnaudov, Petar"]
[Result "1-0"]
[WhiteElo "2254"]
[BlackElo "1989"]
[PlyCount "61"]
[EventDate "2016.08.13"]
[EventType "swiss"]
[EventRounds "9"]
[EventCountry "BUL"]
[SourceTitle "CBM 173 Extra"]
[Source "ChessBase"]
[SourceDate "2016.08.29"]
[SourceVersion "1"]
[SourceVersionDate "2016.08.29"]
[SourceQuality "1"]

1. e4 c5 2. Nf3 g6 3. Bc4 Bg7 4. d3 Nc6 5. Nc3 d6 6. Bd2 Nf6 7. Qc1 h6 8. 0-0 a6 9. a3 b5 10. Ba2 Bg4 11. Ne1 Nd4 12. f3 Be6 13. Bxe6 fxe6 14. Kh1 Nd7 15. f4 Qc7 16. Nf3 0-0-0 17. Nxd4 cxd4 18. Ne2 Nc5 19. a4 Kb7 20. axb5 axb5 21. Ba5 Qc6 22. Bxd8 Rxd8 23. Qe1 Na6 24. Qg3 g5 25. fxg5 Be5 26. Qg4 hxg5 27. Qxg5 Rd7 28. c3 Bf6 29. Qg4 dxc3 30. bxc3 Nc5 31. Qg8 1-0

[Event "BUL-ch sf 80th"]
[Site "Plovdiv"]
[Date "2016.02.12"]
[Round "7"]
[White "Janev, Pavel"]
[Black "Ninov, Dayan"]
[Result "0-1"]
[WhiteElo "2276"]
[BlackElo "2152"]
[PlyCount "112"]
[EventDate "2016.02.08"]
[EventType "swiss"]
[EventRounds "9"]
[EventCountry "BUL"]
[SourceTitle "CBM 170 Extra"]
[Source "ChessBase"]
[SourceDate "2016.02.25"]
[SourceVersion "1"]
[SourceVersionDate "2016.02.25"]
[SourceQuality "1"]

1. e4 e5 2. Nf3 Nc6 3. Bb5 Nf6 4. Nc3 Bb4 5. 0-0 0-0 6. d3 Nd4 7. Bc4 c6 8. Bg5 h6 9. Bxf6 Qxf6 10. Nxd4 exd4 11. Ne2 Ba5 12. Bb3 d6 13. f4 Bg4 14. h3 Bd7 15. Ng3 Rae8 16. Qh5 Bd2 17. e5 Qe7 18. Ne4 Be3+ 19. Kh1 d5 20. Nd6 Rb8 21. c4 dxc3 22. bxc3 Bd2 23. c4 Bb4 24. Nf5 Bxf5 25. Qxf5 dxc4 26. dxc4 Bc5 27. Bc2 g6 28. Qg4 Rbd8 29. e6 Qxe6 30. f5 h5 31. Qg3 Qe3 32. Rf3 Qd4 33. Raf1 h4 34. Qg5 Qd2 35. Rf4 Qxc2 36. f6 Rfe8 37. Qxc5 Rd1 38. Qxa7 Rxf1+ 39. Rxf1 Qxc4 40. Rb1 b5 41. Rd1 Qc2 42. Qd7 Re6 43. Qd8+ Kh7 44. Rd4 Qf2 45. Rd1 Rxf6 46. Qe7 Re6 47. Qb4 Re2 48. Rg1 Rxa2 49. Qe4 c5 50. Qd5 b4 51. Kh2 Rd2 52. Qc4 Rc2 53. Qb5 Rb2 54. Qc6 b3 55. Qd5 Qf4+ 56. Kh1 c4 0-1

[Event "BUL-ch sf 80th"]
[Site "Plovdiv"]
[Date "2016.02.12"]
[Round "6"]
[White "Petkov, Vladimir"]
[Black "Janev, Pavel"]
[Result "1-0"]
[WhiteElo "2481"]
[BlackElo "2276"]
[PlyCount "89"]
[EventDate "2016.02.08"]
[EventType "swiss"]
[EventRounds "9"]
[EventCountry "BUL"]
[SourceTitle "CBM 170 Extra"]
[Source "ChessBase"]
[SourceDate "2016.02.25"]
[SourceVersion "1"]
[SourceVersionDate "2016.02.25"]
[SourceQuality "1"]

1. d4 Nf6 2. Nf3 e6 3. Bg5 d5 4. Nbd2 Nbd7 5. e4 h6 6. Bxf6 Nxf6 7. e5 Ne4 8. Bd3 Nxd2 9. Qxd2 c5 10. c3 c4 11. Bc2 b5 12. h4 Bd7 13. h5 Qb6 14. Nh2 0-0-0 15. 0-0 Kb8 16. b4 f5 17. a4 a6 18. axb5 axb5 19. Qf4 Be7 20. Qg3 Rdg8 21. Ra5 Be8 22. Rfa1 Kb7 23. Qf3 Rf8 24. Nf1 Bc6 25. Qg3 Rhg8 26. Qg6 Bd7 27. Ne3 Bg5 28. Ra6 Qxa6 29. Rxa6 Kxa6 30. Nxd5 Kb7 31. f4 Bd8 32. Ne3 Re8 33. Bd1 Re7 34. Bf3+ Ka7 35. Qg3 Be8 36. Kh2 Bb6 37. Qe1 Kb8 38. d5 Bf7 39. d6 Ra7 40. Nxf5 exf5 41. e6 Be8 42. Qe5 Kc8 43. d7+ Bxd7 44. exd7+ Rxd7 45. Qe6 1-0

[Event "BUL-ch sf 80th"]
[Site "Plovdiv"]
[Date "2016.02.10"]
[Round "3"]
[White "Kozhuharov, Spas"]
[Black "Janev, Pavel"]
[Result "0-1"]
[WhiteElo "2472"]
[BlackElo "2276"]
[PlyCount "120"]
[EventDate "2016.02.08"]
[EventType "swiss"]
[EventRounds "9"]
[EventCountry "BUL"]
[SourceTitle "CBM 170 Extra"]
[Source "ChessBase"]
[SourceDate "2016.02.25"]
[SourceVersion "1"]
[SourceVersionDate "2016.02.25"]
[SourceQuality "1"]

1. d4 Nf6 2. c4 e6 3. Nc3 Bb4 4. Qc2 d5 5. cxd5 exd5 6. Bg5 h6 7. Bxf6 Qxf6 8. a3 Bxc3+ 9. Qxc3 0-0 10. e3 c6 11. Nf3 Bf5 12. Be2 Nd7 13. b4 a6 14. 0-0 Qe7 15. a4 Rfc8 16. Rfc1 Nf6 17. Ne5 Ne4 18. Qb2 Nd6 19. Qb3 g6 20. Nd3 Bxd3 21. Bxd3 b5 22. Rc5 Nb7 23. Rc2 a5 24. axb5 axb4 25. Rxa8 Rxa8 26. bxc6 Ra3 27. cxb7 Qxb7 28. Qb2 Rxd3 29. Rc1 b3 30. g3 Kg7 31. Kg2 Qb4 32. Rb1 Rc3 33. h4 Qc4 34. Kg1 Qd3 35. Kg2 Qe4+ 36. Kg1 Qf5 37. Rf1 Qd3 38. Qa3 Rc2 39. h5 Qxf1+ 40. Kxf1 b2 41. Qd6 b1Q+ 42. Kg2 Rc1 43. Qe5+ Kh7 44. Qxd5 Rc7 45. hxg6+ fxg6 46. Qe5 Qb7+ 47. d5 Rf7 48. Qd4 Qa7 49. Qd2 Qa4 50. f3 Qa3 51. g4 Rb7 52. Kg3 Rb2 53. Qd4 Qd6+ 54. f4 Rb7 55. Kf3 Rd7 56. Ke4 Rb7 57. Kf3 Rd7 58. Ke4 h5 59. gxh5 gxh5 60. Qe5 Re7 0-1

[Event "Pleven op 2nd"]
[Site "Pleven"]
[Date "2015.10.18"]
[Round "5"]
[White "Janev, Pavel"]
[Black "Stefanov, Emil"]
[Result "0-1"]
[WhiteElo "2248"]
[BlackElo "2228"]
[PlyCount "42"]
[EventDate "2015.10.17"]
[EventType "swiss"]
[EventRounds "7"]
[EventCountry "BUL"]
[SourceTitle "CBM 168 Extra"]
[Source "ChessBase"]
[SourceDate "2015.10.29"]
[SourceVersion "1"]
[SourceVersionDate "2015.10.29"]
[SourceQuality "1"]

1. e4 g6 2. d4 Bg7 3. Nc3 c6 4. f4 d5 5. e5 Nh6 6. Nf3 f6 7. Bd3 Bg4 8. 0-0 0-0 9. h3 Bxf3 10. Rxf3 e6 11. Be3 fxe5 12. fxe5 c5 13. Rxf8+ Bxf8 14. Bxh6 Bxh6 15. Qg4 Qe7 16. Nxd5 exd5 17. Qc8+ Kg7 18. Rf1 Be3+ 19. Kh1 Bxd4 20. e6 Bf6 21. g4 Kh6 0-1

[Event "Teteven op 30th"]
[Site "Teteven"]
[Date "2015.08.14"]
[Round "6"]
[White "Janev, Pavel"]
[Black "Ifrim, Silviu"]
[Result "1-0"]
[WhiteElo "2241"]
[BlackElo "2100"]
[PlyCount "77"]
[EventDate "2015.08.10"]
[EventType "swiss"]
[EventRounds "9"]
[EventCountry "BUL"]
[SourceTitle "CBM 167 Extra"]
[Source "ChessBase"]
[SourceDate "2015.09.14"]
[SourceVersion "1"]
[SourceVersionDate "2015.09.14"]
[SourceQuality "1"]

1. e4 e6 2. d4 d5 3. Nc3 Bb4 4. e5 c5 5. Bd2 a6 6. Qg4 Ne7 7. dxc5 Bxc5 8. Qxg7 Rg8 9. Qxh7 Nbc6 10. f4 Qb6 11. Nh3 Be3 12. 0-0-0 Bd7 13. Ng5 Rf8 14. Qd3 Bxd2+ 15. Qxd2 0-0-0 16. Na4 Qc7 17. Nc5 Qb6 18. Nb3 Nf5 19. Nf3 Kb8 20. Nfd4 Nce7 21. Nxf5 Nxf5 22. Nd4 Ne7 23. Kb1 Rc8 24. h4 Rc7 25. h5 Rfc8 26. h6 Ng6 27. Ka1 Ba4 28. Rc1 Rc5 29. Bd3 Nh8 30. c3 Bd7 31. g4 a5 32. f5 a4 33. a3 Qc7 34. Rce1 Qa5 35. Bb1 Rc4 36. fxe6 fxe6 37. g5 Rxc3 38. bxc3 Rxc3 39. Kb2 1-0

[Event "Teteven op 30th"]
[Site "Teteven"]
[Date "2015.08.13"]
[Round "5"]
[White "Janev, Pavel"]
[Black "Nikolov, Sasho"]
[Result "0-1"]
[WhiteElo "2241"]
[BlackElo "2350"]
[PlyCount "66"]
[EventDate "2015.08.10"]
[EventType "swiss"]
[EventRounds "9"]
[EventCountry "BUL"]
[SourceTitle "CBM 167 Extra"]
[Source "ChessBase"]
[SourceDate "2015.09.14"]
[SourceVersion "1"]
[SourceVersionDate "2015.09.14"]
[SourceQuality "1"]

1. e4 c6 2. Nf3 d5 3. Nc3 a6 4. d4 Bg4 5. Bd3 e6 6. 0-0 Nf6 7. Qe2 Be7 8. Bf4 0-0 9. Rad1 Nbd7 10. Rfe1 Rc8 11. Bc1 Bb4 12. e5 Ne8 13. a3 Bxc3 14. bxc3 f6 15. exf6 Qxf6 16. Qf1 Nc7 17. Re3 Rce8 18. Rde1 Bf5 19. a4 c5 20. Ba3 Bxd3 21. Qxd3 Rf7 22. Bxc5 Nxc5 23. dxc5 Ref8 24. R3e2 Qe7 25. Qe3 Rf4 26. Nd4 R8f6 27. c6 bxc6 28. Nxc6 Qd7 29. Qb6 Rxa4 30. Nd4 e5 31. Qb7 exd4 32. f3 Qc6 33. Re8+ Nxe8 0-1

[Event "BUL-chT 64th"]
[Site "Sunny Beach"]
[Date "2015.06.05"]
[Round "6.2"]
[White "Janev, Pavel"]
[Black "Georgiev, Krum"]
[Result "0-1"]
[WhiteElo "2265"]
[BlackElo "2414"]
[PlyCount "55"]
[EventDate "2015.05.31"]
[EventType "team-tourn"]
[EventRounds "7"]
[EventCountry "BUL"]
[SourceTitle "CBM 166 Extra"]
[Source "ChessBase"]
[SourceDate "2015.06.18"]
[SourceVersion "1"]
[SourceVersionDate "2015.06.18"]
[SourceQuality "1"]
[WhiteTeam "Dobrich Energiya 21"]
[BlackTeam "Sofia Lokomotiv"]
[WhiteTeamCountry "BUL"]
[BlackTeamCountry "BUL"]

1. e4 c5 2. Nf3 d6 3. Bb5+ Nc6 4. 0-0 Bd7 5. Re1 a6 6. Bf1 Bg4 7. c3 Nf6 8. h3 Bh5 9. d4 Bxf3 10. gxf3 cxd4 11. cxd4 d5 12. e5 Nd7 13. Be3 e6 14. Nd2 Be7 15. f4 f5 16. Kh2 0-0 17. Bd3 Rc8 18. Nf3 Qb6 19. Rg1 Rc7 20. Ng5 Bxg5 21. Rxg5 Qxb2 22. Rb1 Qa3 23. Qg1 Qxd3 24. Rd1 Ndxe5 25. dxe5 Qa3 26. h4 Qe7 27. Bb6 Rd7 28. f3 0-1

[Event "BUL-chT 64th"]
[Site "Sunny Beach"]
[Date "2015.06.04"]
[Round "5.4"]
[White "Dimitrov, Radoslav"]
[Black "Janev, Pavel"]
[Result "1/2-1/2"]
[WhiteElo "2467"]
[BlackElo "2265"]
[PlyCount "101"]
[EventDate "2015.05.31"]
[EventType "team-tourn"]
[EventRounds "7"]
[EventCountry "BUL"]
[SourceTitle "CBM 166 Extra"]
[Source "ChessBase"]
[SourceDate "2015.06.18"]
[SourceVersion "1"]
[SourceVersionDate "2015.06.18"]
[SourceQuality "1"]
[WhiteTeam "Radnevo Maritsa Iztok"]
[BlackTeam "Dobrich Energiya 21"]
[WhiteTeamCountry "BUL"]
[BlackTeamCountry "BUL"]

1. c4 e5 2. Nc3 Nf6 3. Nf3 Nc6 4. g3 Nd4 5. Bg2 Nxf3+ 6. Bxf3 Bc5 7. e3 0-0 8. d4 exd4 9. exd4 Re8+ 10. Be3 Bb4 11. 0-0 Bxc3 12. bxc3 d5 13. cxd5 Nxd5 14. Qd3 Bh3 15. Rfb1 c6 16. Rxb7 Qf6 17. Bh1 Bf5 18. Qd2 Be4 19. Bxe4 Rxe4 20. c4 Nxe3 21. fxe3 Qg5 22. Re1 Rae8 23. Rxa7 h5 24. Ra5 Qg6 25. Qf2 h4 26. Qf5 Qh6 27. Ra7 f6 28. Qf2 Qg5 29. Ra3 c5 30. Rd3 cxd4 31. Rxd4 Rxe3 32. Rxe3 Rxe3 33. Qf4 Qxf4 34. gxf4 Re1+ 35. Kf2 Ra1 36. Rd2 Rc1 37. a4 Rxc4 38. Ra2 Rxf4+ 39. Ke3 Rc4 40. a5 Rc7 41. a6 Ra7 42. Kd4 Kf7 43. Kc5 Ke6 44. Kb6 Ra8 45. Kb7 Rd8 46. Rc2 Kf5 47. a7 g5 48. Rc8 Rd7+ 49. Rc7 Rd8 50. Rc8 Rd7+ 51. Rc7 1/2-1/2

[Event "BUL-chT 64th"]
[Site "Sunny Beach"]
[Date "2015.06.01"]
[Round "2.2"]
[White "Petkov, Vladimir"]
[Black "Janev, Pavel"]
[Result "1-0"]
[WhiteElo "2525"]
[BlackElo "2265"]
[PlyCount "91"]
[EventDate "2015.05.31"]
[EventType "team-tourn"]
[EventRounds "7"]
[EventCountry "BUL"]
[SourceTitle "CBM 166 Extra"]
[Source "ChessBase"]
[SourceDate "2015.06.18"]
[SourceVersion "1"]
[SourceVersionDate "2015.06.18"]
[SourceQuality "1"]
[WhiteTeam "Plovdiv Lokomotiv"]
[BlackTeam "Dobrich Energiya 21"]
[WhiteTeamCountry "BUL"]
[BlackTeamCountry "BUL"]

1. d4 Nf6 2. c4 e6 3. Nc3 Bb4 4. Nf3 b6 5. Qb3 c5 6. Bg5 Bb7 7. e3 h6 8. Bh4 Nc6 9. Be2 g5 10. Bg3 Ne4 11. Rd1 f5 12. d5 Na5 13. Qc2 Bxc3+ 14. bxc3 Nxg3 15. hxg3 Qf6 16. Nd2 0-0 17. g4 Rae8 18. gxf5 exf5 19. Bd3 f4 20. Ne4 Rxe4 21. Bxe4 fxe3 22. f3 Nxc4 23. 0-0 d6 24. Rfe1 g4 25. Qa4 Nb2 26. Qd7 Rf7 27. Qxg4+ Rg7 28. Qh5 Nxd1 29. Rxd1 Re7 30. Qg4+ Qg5 31. Qxg5+ hxg5 32. Re1 Kg7 33. c4 Ba6 34. Bd3 Kf6 35. g3 Bc8 36. Kf1 g4 37. Ke2 Bf5 38. Bxf5 Kxf5 39. Rf1 Rh7 40. fxg4+ Kxg4 41. Rf6 Kxg3 42. Kxe3 Rd7 43. Rg6+ Kh4 44. Ke4 a6 45. Kf5 Rf7+ 46. Ke6 1-0

[Event "Skopje Karposh op"]
[Site "Skopje"]
[Date "2015.04.02"]
[Round "8"]
[White "Pavlidis, Antonios"]
[Black "Janev, Pavel"]
[Result "1-0"]
[WhiteElo "2539"]
[BlackElo "2262"]
[PlyCount "43"]
[EventDate "2015.03.27"]
[EventType "swiss"]
[EventRounds "9"]
[EventCountry "MKD"]
[SourceTitle "CBM 165 Extra"]
[Source "ChessBase"]
[SourceDate "2015.04.21"]
[SourceVersion "1"]
[SourceVersionDate "2015.04.21"]
[SourceQuality "1"]

1. e4 Nc6 2. Nf3 d6 3. d4 Nf6 4. Nc3 g6 5. d5 Nb8 6. Bg5 Bg7 7. Qd2 Nbd7 8. 0-0-0 Nc5 9. Re1 e5 10. dxe6 Bxe6 11. Nd4 0-0 12. h4 Qd7 13. f3 a6 14. g4 Na4 15. Nxa4 Qxa4 16. a3 Nd7 17. Nf5 gxf5 18. gxf5 Ne5 19. Rg1 Rfe8 20. Bf6 Ng6 21. Bxg7 Kxg7 22. fxe6 1-0

[Event "Gibraltar Masters 13th"]
[Site "Caleta"]
[Date "2015.02.05"]
[Round "10"]
[White "Janev, Pavel"]
[Black "Povah, Nigel Edward"]
[Result "1-0"]
[WhiteElo "2196"]
[BlackElo "2324"]
[PlyCount "103"]
[EventDate "2015.01.27"]
[EventType "swiss"]
[EventRounds "10"]
[EventCountry "GGB"]
[SourceTitle "CBM 165"]
[Source "ChessBase"]
[SourceDate "2015.03.11"]
[SourceVersion "1"]
[SourceVersionDate "2015.03.11"]
[SourceQuality "1"]

1. e4 c5 2. Nf3 Nc6 3. Nc3 e6 4. d4 cxd4 5. Nxd4 Nf6 6. Nxc6 bxc6 7. e5 Nd5 8. Ne4 Qc7 9. f4 Qa5+ 10. c3 Ba6 11. Bxa6 Qxa6 12. Qe2 Qb6 13. c4 Bb4+ 14. Kf1 f5 15. Nf2 Nc7 16. Nd3 Be7 17. Be3 Qa5 18. a3 Na6 19. b4 Qc7 20. b5 Nb8 21. Kf2 0-0 22. Rhb1 cxb5 23. cxb5 d5 24. exd6 Bxd6 25. a4 Nd7 26. a5 Nf6 27. b6 axb6 28. Bxb6 Qe7 29. g3 Ne4+ 30. Kg1 Nc3 31. Qe3 Nxb1 32. Rxb1 Rfe8 33. Kf2 e5 34. fxe5 Bxe5 35. Re1 Bf6 36. Qxe7 Rxe7 37. Rxe7 Bxe7 38. Ke3 Kf7 39. Kd4 Ke6 40. Kc4 Bd6 41. Kb5 Kd7 42. a6 g5 43. a7 h6 44. Nb2 g4 45. Nc4 f4 46. Nxd6 fxg3 47. hxg3 Kxd6 48. Be3 Kd5 49. Ka6 h5 50. Kb7 Rxa7+ 51. Kxa7 Ke4 52. Bg5 1-0

[Event "Gibraltar Challengers-B 13th"]
[Site "Caleta"]
[Date "2015.02.03"]
[Round "4"]
[White "Janev, Pavel"]
[Black "Ibarra Jerez, Juan Miguel"]
[Result "1/2-1/2"]
[WhiteElo "2196"]
[BlackElo "2238"]
[PlyCount "89"]
[EventDate "2015.01.31"]
[EventType "swiss"]
[EventRounds "5"]
[EventCountry "GGB"]
[SourceTitle "CBM 164 Extra"]
[Source "ChessBase"]
[SourceDate "2015.03.02"]
[SourceVersion "1"]
[SourceVersionDate "2015.03.02"]
[SourceQuality "1"]

1. e4 c5 2. Nf3 e6 3. b3 b6 4. Bb2 Bb7 5. Nc3 Nc6 6. d4 cxd4 7. Nxd4 Nf6 8. Nxc6 Bxc6 9. Bd3 Qc7 10. Qe2 Bb4 11. 0-0 Bd6 12. Kh1 0-0 13. Nb5 Bxb5 14. Bxb5 Be5 15. Bxe5 Qxe5 16. Bd3 Qc5 17. e5 Nd5 18. f4 f5 19. c4 Ne7 20. Rad1 Rfd8 21. Bc2 Rac8 22. Rd2 Ng6 23. g3 d6 24. Rfd1 Rc6 25. Qd3 d5 26. Qf3 Ne7 27. cxd5 Rxd5 28. Rxd5 exd5 29. Bd3 Qa5 30. g4 Rc3 31. gxf5 Nxf5 32. Qf2 Rxd3 33. Rxd3 d4 34. Rxd4 Nxd4 35. Qxd4 Qe1+ 36. Kg2 Qe2+ 37. Kg3 Qe1+ 38. Kg4 Qe2+ 39. Kf5 Qh5+ 40. Ke6 Qe8+ 41. Kd5 Qa8+ 42. Kc4 Qc6+ 43. Kb4 a5+ 44. Ka3 Qc1+ 45. Ka4 1/2-1/2

[Event "Gibraltar Masters 13th"]
[Site "Caleta"]
[Date "2015.02.03"]
[Round "8"]
[White "Janev, Pavel"]
[Black "Neelotpal, Das"]
[Result "1/2-1/2"]
[WhiteElo "2196"]
[BlackElo "2437"]
[PlyCount "50"]
[EventDate "2015.01.27"]
[EventType "swiss"]
[EventRounds "10"]
[EventCountry "GGB"]
[SourceTitle "CBM 165"]
[Source "ChessBase"]
[SourceDate "2015.03.11"]
[SourceVersion "1"]
[SourceVersionDate "2015.03.11"]
[SourceQuality "1"]

1. e4 e6 2. d4 d5 3. Nd2 Nf6 4. e5 Nfd7 5. f4 c5 6. Ngf3 Nc6 7. Nb3 Qb6 8. dxc5 Bxc5 9. Qe2 0-0 10. Nxc5 Nxc5 11. Qb5 Nb4 12. Nd4 Ncd3+ 13. Bxd3 Qxd4 14. a3 Nxd3+ 15. Qxd3 Qb6 16. Be3 Qa5+ 17. Qd2 Qb5 18. Qd3 Qa4 19. b3 Qa5+ 20. Qd2 Qb5 21. a4 Qa6 22. Qd3 Qa5+ 23. Qd2 Qa6 24. Qd3 Qa5+ 25. Qd2 Qa6 1/2-1/2